Migliori marcatori dei Mondiali per Nazionale - Statistics

Statistiche generali
  • Questo quiz è stato fatto 49 volte
  • Il punteggio medio è 22 su 114
Statistiche sulle risposte
Nazionale Gol Edizioni Calciatore % Corretto
Brasile 15 1998-2002-2006 Ronaldo
94%
Argentina 13 2006-2014-2018-2022 Lionel Messi
91%
Belgio 5 2014-2018 Romelu Lukaku
89%
Costa d'Avorio 2 2006-2010 Didier Drogba
85%
Germania 16 2002-2006-2010-2014 Miroslav Klose
85%
Egitto 2 2018 Mohamed Salah
79%
Italia 9 1990-1994-1998 Roberto Baggio
79%
Italia 9 1998-2002 Christian Vieri
77%
Bosnia ed Erzegovina 1 2014 Edin Džeko
77%
Italia 9 1978-1982 Paolo Rossi
74%
Bosnia ed Erzegovina 1 2014 Miralem Pjanić
64%
Colombia 6 2014 James Rodríguez
62%
Croazia 6 2014-2018-2022 Ivan Perišić
57%
Ucraina 2 2006 Andriy Shevchenko
51%
Spagna 9 2006-2010-2014 David Villa
51%
Portogallo 9 1966 Eusébio
51%
Bulgaria 6 1994 Hristo Stoichkov
49%
Austalia 5 2006-2010-2014 Tim Cahill
45%
Canada 1 2022 Alphonso Davies
43%
Ecuador 6 2014-2022 Enner Valencia
43%
Messico 4 2010-2014-2018 Javier Hernández
40%
Messico 4 1998 Luis Hernández
40%
Iran 2 2022 Mehdi Taremi
38%
Inghilterra 10 1986-1990 Gary Lineker
36%
Svezia 5 1994-2002-2006 Henrik Larsson
34%
Corea del Sud 3 2002-2006-2010 Park Ji-sung
34%
Serbia 3 2018-2022 Aleksandar Mitrović
32%
La Croazia 6 1998 Davor Šuker
32%
Giappone 4 2010-2014-2018 Keisuke Honda
32%
Irlanda 3 2002 Robbie Keane
32%
Costa d'Avorio 2 2014 Gervinho
28%
Stati Uniti 5 2002-2010 Landon Donovan
28%
Francia 13 1958 Just Fontaine
26%
Camerun 5 1990-1194 Roger Milla
26%
Ghana 6 2006-2010-2014 Asamoah Gyan
23%
Bolivia 1 1994 Erwin Sánchez
23%
Cile 4 1962 Leonel Sánchez
23%
Cile 4 1998 Marcelo Salas
21%
Islanda 1 2018 Gylfi Sigurðsson
19%
Arabia Saudita 3 2018-2022 Salem Al-Dawsari
19%
Grecia 1 2014 Georgios Samaras
17%
Algeria 2 2014 Islam Slimani
17%
Qatar 1 2022 Mohammed Muntari
15%
Marocco 3 2018-2022 Youssef En-Nesyri
15%
Polonia 10 1974-1978-1982 Grzegorz Lato
13%
Danimarca 5 2002-2010 Jon Dahl Tomasson
13%
Costa Rica 3 2002-2006 Paulo Wanchope
13%
Nigeria 4 2014-2018 Ahmed Musa
11%
El Salvador 1 1982 Luis Ramírez Zapata
11%
Perù 10 1970-1978 Teófilo Cubillas
11%
Slovacchia 4 2010 Robert Vittek
9%
Costa d'Avorio 2 2014 Wilfried Bony
9%
Romania 4 1994 Florin Răducioiu
6%
Corea del Sud 3 2014-2018-2022 Son Heung-min
6%
Grecia 1 2010 Vasilis Torosidis
6%
Islanda 1 2018 Alfreð Finnbogason
4%
Grecia 1 2010 Dimitris Salpingidis
4%
Paesi Bassi 7 1974-1978 Johnny Rep
4%
Svezia 5 1994 Kennet Andersson
4%
Bosnia ed Erzegovina 1 2014 Vedad Ibišević
4%
Corea del Sud 3 2002-2006 Ahn Jung-hwan
2%
Grecia 1 2014 Andreas Samaris
2%
Costa d'Avorio 2 2006 Aruna Dindane
2%
Sudafrica 2 1998-2002 Benni McCarthy
2%
Scozia 4 1974-1978-1982 Joe Jordan
2%
Belgio 5 1998-2002 Marc Wilmots
2%
Russia 6 1994 Oleg Salenko
2%
Uruguay 8 1950-1954 Oscar Míguez
2%
Senegal 3 2002 Papa Bouba Diop
2%
Ungheria 11 1954 Sándor Kocsis
2%
Nuova Zelanda 1 2010 Shane Smeltz
2%
Grecia 1 2014 Sokratis Papastathopoulos
2%
Slovenia 1 2010 Valter Birsa
2%
Tunisia 3 2018-2022 Wahbi Khazri
2%
Algeria 2 2014 Abdelmoumene Djabou
0%
Kuwait 1 1982 Abdullah Al-Buloushi
0%
Egitto 2 1934 Abdulrahman Fawzi
0%
Iraq 1 1986 Ahmed Radhi
0%
Emirati Arabi Uniti 1 1990 Ali Thani Jumaa
0%
Bosnia ed Erzegovina 1 2014 Avdija Vršajević
0%
Turchia 3 1954 Burhan Sargun
0%
Honduras 1 2014 Carlo Costly
0%
Honduras 1 1982 Eduardo Laing
0%
Haiti 2 1974 Emmanuel Sanon
0%
Austria 6 1954 Erich Probst
0%
Kuwait 1 1982 Faisal Al-Dakhil
0%
Panama 1 2018 Felipe Baloy
0%
Angola 1 2006 Flávio Amado
0%
Cuba 2 1938 Héctor Socorro
0%
Honduras 1 1982 Héctor Zelaya
0%
Turchia 3 2002 İlhan Mansız
0%
Galles 2 1958 Ivor Allchurch
0%
Svizzera 6 1954 Josef Hügi
0%
Emirati Arabi Uniti 1 1990 Khalid Ismaïl
0%
Norvegia 2 1994-1998 Kjetil Rekdal
0%
Slovenia 1 2002 Milenko Ačimovič
0%
Togo 1 2006 Mohamed Kader
0%
Israele 1 1970 Mordechai Spiegler
0%
Paraguay 3 2002-2006 Nelson Cuevas
0%
Repubblica Ceca 7 1934-1938 Oldřich Nejedlý
0%
Corea del Nord 2 1966 Pak Seung-Zin
0%
Irlanda del Nord 5 1958 Peter McParland
0%
Slovenia 1 2010 Robert Koren
0%
Costa Rica 3 2002-2006 Rónald Gómez
0%
Algeria 2 1982 Salah Assad
0%
Arabia Saudita 3 1994-1998-2006 Sami Al-Jaber
0%
Slovenia 1 2002 Sebastjan Cimirotič
0%
Sudafrica 2 1998 Shaun Bartlett
0%
Nuova Zelanda 1 1982 Steve Sumner
0%
Nuova Zelanda 1 1982 Steve Wooddin
0%
Turchia 3 1954 Suat Mamat
0%
Giamaica 2 1998 Theodore Whitmore
0%
Nuova Zelanda 1 2010 Winston Reid
0%
Slovenia 1 2010 Zlatan Ljubijankić
0%
Nessun quiz corrispondente trovato
Distribuzione punteggi
Percentuale di utenti per punteggio
Percentile per numero di risposta
I tuoi punteggi nel tempo
Non hai fatto questo quiz